| 000 | 00604nam a2200193 a 4500 | ||
|---|---|---|---|
| 005 | 20210223130227.0 | ||
| 008 | 070817s1999 mx r 000 0 spa d | ||
| 020 | _a950786220X | ||
| 035 | _aUPN01000150968 | ||
| 049 | _aCG | ||
| 050 | 4 |
_aHQ1532 _bH5.7 |
|
| 245 | 1 | 0 |
_aHistoria y género : _bseis estudios sobre la condición femenina / _ced. Daniel Villar. |
| 260 |
_aBuenos Aires : _bBiblios, _c1999. |
||
| 300 | _a167 p. | ||
| 440 | 0 |
_aBiblioteca de las mujeres ; _v8 |
|
| 650 | 4 |
_aMUJERES - _xHISTORIA Y CONDICION DE LA MUJER - _zARGENTINA _98895 |
|
| 700 | 1 |
_aVillar, Daniel, _eed. |
|
| 905 | _aLibro | ||
| 999 |
_c123108 _d123108 |
||